Les poissons de mer les plus consommés dans le monde - Statistiques

Statistiques générales
  • Ce quiz a été pris 46 fois
  • Le résultat moyen est 5 sur 10
Statistiques - réponses
Classement Réponse % Correct
9 Saumon
89%
1 Thon
89%
5 Sardine
76%
2 Merlu
51%
6 Maquereau
43%
10 Dorade
41%
4 Cabillaud
35%
3 Lieu
24%
8 Anchois
16%
7 Hareng
16%
Aucun quiz correspondant
Distribution des résultats
% des personnes avec chaque résultat
Percentile par nombre de réponses
Votre historique - résultats
Vous n’avez pas pris ce quiz